00765cam a22002297a 4500003000500000005001700005008004100022010001000063011001000073020001500083035001100098040000900109110007300118245013400191250000900325260003800334300001000372650003400382650002200416650002500438710007200463CHAP20220329143013.0050622d2004 mx r 00110 spa d a90520 a91492 a9706863893 a102051 cCHAP2 aFederación Nacional de Colegios de Licenciados en Administración10aCódigo de ética del Licendiado en Administraciónc/por Federación Nacional de Colegios de Licenciados en Administración a8ed. aMéxico, D.F. :bThomson,c2004. a47 p.14aAdministración de empresas.14aAdministración.14aÉtica profesional.0 aColegio Nacional de Licenciados en Administración, A.C. México.